000 00907cam a2200253 a 4500
005 20260205114902.0
008 000608s2000 dcu b 001 0 eng
020 _a0815717016
_qalk. paper
020 _a9780815717010
_q(alk. paper)
040 _aKABLIB
_cKABLIB
_erda
082 0 0 _a327.73
_223
_bDAL
100 1 _aDalpino, Catharin E.
_915192
245 1 0 _aDeferring democracy :
_bpromoting openness in authoritarian regimes /
_cCatharin E. Dalpino.
260 _aWashington, D.C. :
_bBrookings Institution Press,
_cc2000.
300 _ax, 137 p. ;
_c23 cm.
504 _aIncludes bibliographical references (p. 109-127), index.
650 0 _aWorld politics
_y1989-
_913808
650 0 _aAuthoritarianism.
_915193
650 0 _aDemocratization.
650 0 _aPolitical development.
_915194
650 0 _aSocial movements.
651 0 _aUnited States
_xForeign relations
_y1989-
_915195
942 _2ddc
_cBOOK
999 _c6015
_d6015